Normal view
MARC view
Entry Personal Name
001 - CONTROL NUMBER
- control field: 12749
003 - CONTROL NUMBER IDENTIFIER
- control field: NUST
005 - DATE AND TIME OF LATEST TRANSACTION
- control field: 20181220070425.0
008 - FIXED-LENGTH DATA ELEMENTS
- fixed length control field: 181220|| aca||aabn | a|a d
040 ## - CATALOGING SOURCE
- Original cataloging agency: NUST
- Transcribing agency: NUST
100 ## - HEADING--PERSONAL NAME
- Personal name:
- General subdivision: Computational engineering
670 ## - SOURCE DATA FOUND
- Source citation: Work cat.: (NUST): Junaid Akram. Supervisor: Dr. Zeeshan Najam. 12748, MS/Thesis: Efficient Resources Utilization in Cloud- Fog Environment Integrated With Smart Grids / , Oct,2018
